| 000 | 00639nam a2200181 a 4500 | ||
|---|---|---|---|
| 001 | 000024746 | ||
| 005 | 20200930023338.0 | ||
| 008 | 110203s1992 pr a r 000 0 spa d | ||
| 040 |
_aDO-SdBNP _bspa _cBNPHU |
||
| 082 |
_a972.95 _bQ7c |
||
| 100 | 1 |
_aQuiñones Calderón, Antonio. _916095 |
|
| 245 | 1 | 0 |
_a50 décadas de historia puertorriqueña / _cAntonio Quiñones Calderón.10. |
| 246 | 1 | 3 | _aCincuenta décadas de historia puertorriqueña |
| 260 |
_aSan Juan, Puento Rico : _bGobierno Municipal de San Juan, _c1992. |
||
| 300 |
_a477 p. : _bil. ; _c18 cm. |
||
| 504 | _aBibliografía : 471-477 p. | ||
| 650 | 4 |
_aPuerto rico _xHistoria _942137 |
|
| 999 |
_c24239 _d24239 |
||